MLB Teams by Colours - Statistics

General Stats
  • This quiz has been taken 63 times
  • The average score is 8 of 16
Answer Stats
Answer % Correct
Oakland Athletics
81%
Colorado Rockies
67%
Miami Marlins
62%
New York Mets
62%
Chicago White Sox
60%
San Francisco Giants
60%
Baltimore Orioles
52%
Detroit Tigers
52%
Tampa Bay Rays
52%
Arizona Diamondbacks
48%
Boston Red Sox
48%
Milwaukee Brewers
44%
St. Louis Cardinals
42%
Kansas City Royals
33%
Philadelphia Phillies
27%
Los Angeles Angels
8%
No matching quizzes found
Score Distribution
Percent of People with Each Score
Percentile by Number Answered
Your Score History
You have not taken this quiz